000 005550000a22001930004500
003 LK-CoMWRAF
005 20231122111605.0
008 230817t1987 ||||| |||| 00| 0 eng d
020 _a0140103449
040 _aLK-CoMWRAF
_dLK-CoMWRAF
_eLK-CoMWRAF
041 _aeng
082 _a305.4
_bJUN
100 _aJung, Anees
245 _aUnveiling India:
_ba woman's journey
260 _aNew Delhi:
_bPenguin books,
_c1987
300 _a126 p., [8] p. of plates : ill. ; 21 cm.
_bGlossary included
650 _aWomen--India--Social conditions
942 _cBK
999 _c1352
_d1352